000 00272nam a2200121Ia 4500
005 20251222142002.0
008 251222s9999||||xx |||||||||||||| ||spa||
020 _a958-04-3373-9
082 _a658.001/D95
100 _aDrucker, Peter
245 0 _aDrucker:
942 _cLIB
999 _c10025
_d10025